Poesía para sobrevivir / (Record no. 175734)

MARC details
000 -LEADER
campo de control de longitud fija 01260nam a2200325 i 4500
001 - NÚMERO DE CONTROL
campo de control 175734
003 - IDENTIFICADOR DE NÚMERO DE CONTROL
campo de control ES-MaACL
005 - FECHA Y HORA DE LA ÚLTIMA TRANSACCIÓN
campo de control 20240508112613.0
008 - DATOS DE LONGITUD FIJA--INFORMACIÓN GENERAL
campo de control de longitud fija 101118s1980 sp a |||| | spa d
020 ## - NÚMERO INTERNACIONAL ESTÁNDAR DEL LIBRO
Número Internacional Estándar del Libro 84-300-3574-5
080 ## - NÚMERO DE LA CLASIFICACIÓN DECIMAL UNIVERSAL
Número de la Clasificación Decimal Universal 821.134.2-14"19"
100 1# - ENTRADA PRINCIPAL--NOMBRE DE PERSONA
Nombre de persona Ruiz de Torres, Juan,
Fechas asociadas al nombre 1931-2014
9 (RLIN) 155342
245 10 - MENCIÓN DEL TÍTULO
Título Poesía para sobrevivir /
Mención de responsabilidad, etc. Juan Ruiz de Torres ; [dibujos, Piedad Guillén].
250 ## - MENCION DE EDICION
Mención de edición 1ª ed.
260 ## - PUBLICACIÓN, DISTRIBUCIÓN, ETC.
Lugar de publicación, distribución, etc. Madrid :
Nombre del editor, distribuidor, etc. Taller Prometeo de Poesía Nueva,
Fecha de publicación, distribución, etc. 1980.
300 ## - DESCRIPCIÓN FÍSICA
Extensión 68 p. :
Otras características físicas il. ;
Dimensiones 17 cm.
490 1# - MENCIÓN DE SERIE
Mención de serie Poesía nueva ;
Designación de volumen o secuencia 1
501 ## - NOTA DE CON
Nota de "Con" Con: "Mini antología número uno". - Madrid, enero de 1981. - [1] h. pleg. ; 43 cm pleg. en 15 cm (sign.: 2265-F-8)
594 ## - Nota al título y mención de responsabilidad
Nota al título y mención de responsabilidad En pr.: "... Luis Jiménez Martos presenta el libro... en el Ateneo de Madrid."
598 ## - NOTA LOCAL
Nota local Coordinadora de publicaciones: Elvira Levy.
700 1# - ENTRADA AGREGADA--NOMBRE PERSONAL
Nombre de persona Guillén, Piedad.
9 (RLIN) 144022
700 1# - ENTRADA AGREGADA--NOMBRE PERSONAL
Nombre de persona Levy, Elvira.
9 (RLIN) 71998
710 2# - ENTRADA AGREGADA--NOMBRE DE ENTIDAD CORPORATIVA
Nombre de entidad corporativa o nombre de jurisdicción como elemento de entrada Taller Prometeo de Poesía Nueva (Madrid)
9 (RLIN) 6907
740 02 - ENTRADA AGREGADA--TÍTULO RELACIONADO/ANALÍTICO NO CONTROLADO
Título relacionado o analítico no controlado Mini antología número uno.
830 0# - PUNTO DE ACCESO ADICIONAL DE SERIE-TÍTULO UNIFORME
Título uniforme Colección "Poesía nueva" (Asociación Prometeo de Poesía) ;
Designación de volumen o secuencia 1
9 (RLIN) 181808
852 ## - LOCALIZACIÓN
Ubicación ES-MaACL
Número de control de estantería 2265-F-8
852 ## - LOCALIZACIÓN
Ubicación ES-MaACL
Número de control de estantería 2266-F-3
942 ## - ELEMENTOS DE ENTRADA SECUNDARIOS (KOHA)
Fuente del sistema de clasificación o colocación Clasificación decimal universal
Holdings
Estatus retirado Estado de pérdida Estado de daño No para préstamo Colección Biblioteca de origen Biblioteca actual Ubicación en estantería Fecha de adquisición Fuente de adquisición Total de préstamos Signatura topográfica completa Código de barras Visto por última vez Precio de reemplazo Tipo de ítem Koha
        Colección de folletos Biblioteca del Ateneo de Madrid Biblioteca del Ateneo de Madrid Depósito folletos 18/11/2010     2265-F-8 1184538 23/02/2023 23/02/2023 Folleto
        Colección de folletos Biblioteca del Ateneo de Madrid Biblioteca del Ateneo de Madrid Depósito folletos 19/11/2010     2266-F-3 1184578 23/02/2023 23/02/2023 Folleto